| 000 | 00704cab a2200241 4500 | ||
|---|---|---|---|
| 001 | WB3335-04 | ||
| 008 | 090401t1997 xxu||||| |||| 00| 0 eng d | ||
| 035 | _a(Sirsi) u80770 | ||
| 041 | _aeng | ||
| 245 | _aStress leads to sickness | ||
| 260 | _c1997 | ||
| 350 | _a0 | ||
| 490 |
_aIndependent _v10 September 1997, 3 |
||
| 490 |
_aScotsman _v10 September 1997, 9(1) |
||
| 520 | _aA study in Glasgow shows `sick building syndrome` is caused by pressures put on staff, as well as by germs and indoor pollution. | ||
| 650 | _aILLNESS | ||
| 650 | _aOFFICE BUILDINGS | ||
| 650 | _aSICK BUILDING SYNDROME | ||
| 650 | _aSTRESS | ||
| 690 | _aBUILT ENVIRONMENT | ||
| 942 | _n0 | ||
| 948 | _c10/09/1997 | ||
| 999 |
_c50860 _d50860 |
||